000 00442nam a2200157Ia 4500
008 210716s1990 xx 000 0 und d
020 _a70550840
041 _aeng
082 _a006.3 SCHR
100 _aSchalkoff, Robert J.
245 _aArtificial intelligence: an engineering approach.
_bEngineering approach.
250 _a1
260 _aNew York
_bMcGraw Hill
_c1990
300 _axxiv,646
650 _aArtificial Intelligence(006.3)
999 _c182336
_d182336